The development of mathematics /
Guardado en:
| Autor Principal: | |
|---|---|
| Formato: | Libro |
| Idioma: | English |
| Publicado: |
New York ; London :
McGraw-Hill book company, inc.,
1945.
|
| Edición: | 2nd ed. |
| Materias: | |
| Etiquetas: |
Agregar Etiqueta
Sin Etiquetas, Sea el primero en etiquetar este registro!
|
| LEADER | 00662nam a22002051a 4500 | ||
|---|---|---|---|
| 001 | MAT.inmabb005519 | ||
| 008 | 730220s1945####nyu######b####000#0#eng## | ||
| 005 | 20130404144842.0 | ||
| 245 | 1 | 4 | |a The development of mathematics / |c by E. T. Bell. |
| 250 | |a 2nd ed. | ||
| 260 | |a New York ; |a London : |b McGraw-Hill book company, inc., |c 1945. | ||
| 300 | |a xiii, 637 p. ; |c 23 cm. | ||
| 504 | |a Bibliographical references in "Notes" (p. 595-610) | ||
| 510 | 4 | |a MR, |c 8,1b | |
| 100 | 1 | |a Bell, Eric Temple, |d 1883-1960. | |
| 650 | 0 | |a Mathematics |x History. | |
| 084 | |a 01A05 |2 msc2000 | ||
| 010 | |a 45010599 | ||
| 040 | |a DLC |c DLC |d DLC | ||
| 859 | |h 01 |i B433-2 |p A-2194 |b BIB. MATEMATICA | ||
